La Belgique pour les touristes... - Statistiques

Statistiques générales
  • Ce quiz a été pris 246 fois
  • Le résultat moyen est 13 sur 20
Statistiques - réponses
Question Indice Réponses % Correct
Quelles sont les langues officielles ? Français
99%
Dans la capitale y-a-t-il un décalage horaire avec Paris ? (oui/non) Non
98%
Quelles sont les principales villes touristiques ? B Bruxelles
97%
La conduite se fait à droite ou à gauche ? Droite
97%
Quelles sont les langues officielles ? Néerlandais
97%
Quelles sont les langues officielles ? Allemand
94%
Achats à faire 3/ Boisson pétillante alcoolisée Bière
89%
La vitesse sur autoroute est limitée à {120} km/h
85%
Quelles sont les principales villes touristiques ? A Anvers
84%
Quelles sont les principales villes touristiques ? B Bruges
82%
Le suffixe internet est be
78%
Quelles sont les principales villes touristiques ? G Gand
75%
Quelles sont les principales villes touristiques ? N Namur
68%
Le taux d'alcoolémie toléré au volant est de {0.5} g/l
55%
Quelles sont les principales villes touristiques ? M Mons
49%
La religion majoritaire est le catholicisme
47%
Achats à faire 2/ Ouvrage délicat de fils Dentelle
22%
Achats à faire P Pralines
17%
On peut y visiter les parcs nationaux de ES&M Entre Sambre et Meuse
4%
On peut y visiter les parcs nationaux de HC Haute Campine
1%
Aucun quiz correspondant
Distribution des résultats
% des personnes avec chaque résultat
Percentile par nombre de réponses
Votre historique - résultats
Vous n’avez pas pris ce quiz